| 000 | 00465nam a2200181Ia 4500 | ||
|---|---|---|---|
| 008 | 121031t2003 xxu||||| |||| 00| 0 sin d | ||
| 041 | _asin | ||
| 080 |
_aX8S1 _bTHI |
||
| 100 | _aAjith Thilakasena | ||
| 245 | _aමල් වැනි ගල් | ||
| 246 | _aMal Veni Gal | ||
| 250 | _a2nd | ||
| 260 |
_bWijesooriya Grantha Kendraya _aMulleriyava _c2003 |
||
| 300 | _b107p., 19 cm | ||
| 942 | _cBK | ||
| 999 |
_c76107 _d76107 |
||
| 003 | LK-CoDNM | ||
| 040 |
_aLK-CoDNM _dLK-CoDNM _eLK-CoDNM |
||